[Event "BCF-chT4S 1617 (4NCL)"]
[Site "England"]
[Date "2017.03.19"]
[Round "8.82"]
[White "Jaufarally, Nadia"]
[Black "Allison, Conrad"]
[Result "1-0"]
[WhiteElo "1664"]
[BlackElo "1925"]
[PlyCount "81"]
[EventDate "2016.11.26"]
[EventType "team-swiss"]
[EventRounds "11"]
[EventCountry "ENG"]
[SourceTitle "EXT 2019"]
[Source "ChessBase"]
[SourceDate "2018.10.10"]
[SourceVersion "1"]
[SourceVersionDate "2018.10.10"]
[SourceQuality "1"]
[WhiteTeam "D&D Utd"]
[BlackTeam "Kent KJCA Kestrels"]
[WhiteTeamCountry "ENG"]
[BlackTeamCountry "ENG"]

1. d4 Nf6 2. Bf4 g6 3. e3 c5 4. c3 Bg7 5. h3 b6 6. Nf3 Bb7 7. Be2 0-0 8. 0-0 d6 9. a4 a6 10. Qb3 Nbd7 11. Nbd2 Rc8 12. Rfc1 Qc7 13. Bc4 h6 14. Bg3 Qb8 15. Nh4 Qa8 16. Nxg6 d5 17. Nxe7+ Kh8 18. Be2 Rce8 19. Nf5 Rg8 20. Qd1 Ne4 21. Nxe4 Rxe4 22. Bh5 Nf6 23. Bxf7 Rf8 24. Bg6 Re6 25. Be5 Qd8 26. g4 Rxe5 27. dxe5 Ne4 28. f3 Ng5 29. Qf1 d4 30. e4 Bxe5 31. h4 Ne6 32. Rc2 Nf4 33. h5 Qg5 34. Rd1 Bxe4 35. fxe4 Qxg4+ 36. Kh1 Nh3 37. Rg2 Qxe4 38. Qe2 Qf4 39. Rf1 Nf2+ 40. Rfxf2 Qc1+ 41. Rg1 1-0

[Event "BCF-chT4S 1617 (4NCL)"]
[Site "England"]
[Date "2016.11.26"]
[Round "1.101"]
[White "Ng, Chung Lok Andrew"]
[Black "Allison, Conrad"]
[Result "1-0"]
[WhiteElo "1930"]
[BlackElo "1952"]
[PlyCount "77"]
[EventDate "2016.11.26"]
[EventType "team-swiss"]
[EventRounds "11"]
[EventCountry "ENG"]
[SourceTitle "EXT 2019"]
[Source "ChessBase"]
[SourceDate "2018.10.10"]
[SourceVersion "1"]
[SourceVersionDate "2018.10.10"]
[SourceQuality "1"]
[WhiteTeam "Wood Green II"]
[BlackTeam "Kent KJCA Kestrels"]
[WhiteTeamCountry "ENG"]
[BlackTeamCountry "ENG"]

1. d4 Nf6 2. c4 g6 3. Nc3 Bg7 4. e4 d6 5. Be2 0-0 6. Nf3 e5 7. d5 a5 8. Bg5 h6 9. Be3 Ng4 10. Bd2 f5 11. h3 Nf6 12. exf5 gxf5 13. Qc1 Kh7 14. g4 e4 15. Nd4 Nxd5 16. cxd5 Bxd4 17. Nb5 Bc5 18. Bxh6 Rf7 19. Be3 Na6 20. Nd4 Qf6 21. Nb3 b6 22. g5 Qg6 23. Nxc5 Nxc5 24. h4 f4 25. Bxf4 Bg4 26. h5 Bxh5 27. Bxh5 Nd3+ 28. Kf1 Nxc1 29. Bxg6+ Kxg6 30. Bxc1 Rf5 31. Rh6+ Kg7 32. Ke2 Rxd5 33. Be3 Rf8 34. Rah1 c5 35. Re6 c4 36. Rhh6 Rb5 37. Bd4+ Kf7 38. Rhf6+ Kg8 39. g6 1-0

[Event "London Classic op 6th"]
[Site "London"]
[Date "2014.12.10"]
[Round "3"]
[White "Allison, Conrad"]
[Black "Klingher, Dominic"]
[Result "0-1"]
[WhiteElo "1956"]
[BlackElo "1799"]
[PlyCount "100"]
[EventDate "2014.12.08"]
[EventType "swiss"]
[EventRounds "9"]
[EventCountry "ENG"]
[SourceTitle "CBM 163 Extra"]
[Source "ChessBase"]
[SourceDate "2014.12.23"]
[SourceVersion "1"]
[SourceVersionDate "2014.12.23"]
[SourceQuality "1"]

1. e4 e6 2. d4 d5 3. Nc3 Bb4 4. e5 c5 5. a3 Bxc3+ 6. bxc3 Ne7 7. Qg4 Qc7 8. Qxg7 Rg8 9. Qxh7 cxd4 10. Ne2 Nbc6 11. f4 Bd7 12. h4 dxc3 13. h5 0-0-0 14. Qd3 Nf5 15. Qxc3 Ncd4 16. Qxc7+ Kxc7 17. Nxd4 Nxd4 18. Kf2 Nxc2 19. Rb1 d4 20. Bd3 Bc6 21. Rg1 Ne3 22. h6 Ng4+ 23. Ke2 Nxh6 24. g3 Ng4 25. Bd2 Kc8 26. Rgc1 Kd7 27. Rb4 Ke8 28. Rcc4 Rh8 29. Rxd4 Rh2+ 30. Kd1 Rxd4 31. Rxd4 Rg2 32. Be1 Nf2+ 33. Kc1 Nh1 34. f5 exf5 35. Bxf5 Nxg3 36. Bg4 Rg1 37. Kd1 Ne4 38. Bf5 Nc3+ 39. Kc2 Rxe1 40. Kxc3 Rxe5 41. Bd3 a5 42. Rh4 Rg5 43. Be4 Rg3+ 44. Kb2 Bxe4 45. Rxe4+ Kd7 46. Re5 a4 47. Rf5 Ke6 48. Rb5 Rb3+ 49. Rxb3 axb3 50. Kxb3 Kd5 0-1

[Event "London Golders Green op 4th"]
[Site "London"]
[Date "2014.08.25"]
[Round "6"]
[White "Rice, Christopher"]
[Black "Allison, Conrad"]
[Result "1-0"]
[WhiteElo "1998"]
[BlackElo "1919"]
[PlyCount "123"]
[EventDate "2014.08.23"]
[EventType "swiss"]
[EventRounds "6"]
[EventCountry "ENG"]
[SourceTitle "EXT 2018"]
[Source "ChessBase"]
[SourceDate "2017.10.13"]
[SourceVersion "1"]
[SourceVersionDate "2017.10.13"]
[SourceQuality "1"]

1. c4 Nf6 2. g3 g6 3. Bg2 Bg7 4. Nc3 0-0 5. d3 d6 6. Bg5 h6 7. Bd2 Nc6 8. Rb1 e5 9. b4 Nd4 10. e3 Nf5 11. Nge2 c6 12. 0-0 Be6 13. b5 Qc7 14. bxc6 bxc6 15. Qa4 Bd7 16. Qa6 Rab8 17. Rb3 Rxb3 18. axb3 Bc8 19. Qxc6 Qa5 20. Qa4 Qb6 21. b4 Bb7 22. Ra1 Bxg2 23. Kxg2 Ra8 24. Qa5 Qb7+ 25. Nd5 Nxd5 26. cxd5 e4 27. dxe4 Bxa1 28. Qxa1 Ne7 29. Qf6 Nxd5 30. exd5 Qxd5+ 31. Qf3 Qxf3+ 32. Kxf3 Kf8 33. Ke4 Ke7 34. Nd4 a6 35. Kd5 Kd7 36. e4 Re8 37. Bf4 Rc8 38. Bxd6 Rc1 39. Bc5 g5 40. Nf5 h5 41. h4 gxh4 42. Nxh4 f6 43. Ng6 Rd1+ 44. Bd4 Rb1 45. Kc5 Rc1+ 46. Kb6 Rc6+ 47. Ka5 Rc4 48. Bc5 Rxe4 49. Kxa6 f5 50. Kb5 Kc8 51. Be3 Re8 52. Nh4 Rf8 53. Kc5 Kd7 54. b5 Rc8+ 55. Kd5 Rb8 56. b6 f4 57. gxf4 Rg8 58. f5 Rg4 59. Nf3 Rb4 60. f6 h4 61. f7 Rb5+ 62. Bc5 1-0